| 000 | 00825nam0a22002651 4500 | ||
|---|---|---|---|
| 001 | rc\3744838 | ||
| 005 | 20250610070611.0 | ||
| 035 | _a(NLR Aleph) 007786780 | ||
| 090 |
_a7626937 _c7626937 |
||
| 100 | _a20130115d1973 |||y0rusy50 ca | ||
| 101 | 0 | _arus | |
| 102 | _aRU | ||
| 105 | _aa z ||||| | ||
| 200 | 1 |
_aИнтегральные микросхемы _eТексты лекций _fВоен. акад. им. Ф.Э. Дзержинского |
|
| 210 |
_aМосква _cБ. и. _d1973 |
||
| 215 |
_a58 с. _cил. _d21 |
||
| 320 | _aБиблиогр.: с. 56-58 | ||
| 333 | _aДля внутривед. продажи | ||
| 333 | _aНа правах рукописи | ||
| 700 | 1 |
_aСапо _bС.Н. |
|
| 801 | 0 |
_aRU _bNLR _gpsbo |
|
| 801 | 1 |
_aRU _bELAR _2rusmarc |
|
| 852 |
_aNLR _j73-50к/4676 |
||
| 942 | _cBOOK | ||
| 980 | _aNB | ||